000 01587ngm a2200325 4500
003 dpl
005 20090318171413.0
007 DVD
008 ||||||sp199 xxu|||||c ||| 00| 0 ng d
010 _aDVD-001831-1833
024 _aSHE 1237 F1
_c99.00
035 _aDVD-001831-1833
040 _aDPL
_cDPL
082 _aDVD / LEGE
245 _aThe Legend of Buddha /
_cPentamedia Graphics Ltd. Presents
_h[videorecording] DVD/
260 _bShemaroo Entertainment
300 _a1 videodisc VCD;
_bsd., col. ;
_c4 3/4 in.
_fVCD
440 _aShemaroo Home Entertainment
500 _aMoserbaer India Ltd. has obtained the necessary licence/conssent from the owner of the copyright in the wroks for making this Film.
500 _aIndian Entry in the Animated Film Category for the 2005 Oscar Awards
538 _aDolby Digital 5.1 -Englishi Subtitles: English
650 _aAnimated Movie
700 _aPhalke, Shamboo S.
700 _aRangarajan, Sujatha
942 _cCF
_2ddc
_hDVD
_mLEGE
999 _c25394
_d25394